The Anglo-Saxon Agricultural Revolution in Norfolk
Saved in:
Other Authors: ,
Format: Book
Published:
Oxford
Archaeopress Publishing Ltd
2025
Tags: Add Tag
No Tags, Be the first to tag this record!
Call Number:
| LEADER | 00689namaa2200181 4500 | ||
|---|---|---|---|
| 001 | 9781805830726 | ||
| 003 | UkOxAP | ||
| 005 | 20260405155017.0 | ||
| 020 | |a 9781805830733 | ||
| 776 | 1 | |x 9781805830726 | |
| 245 | 0 | 0 | |a The Anglo-Saxon Agricultural Revolution in Norfolk |
| 100 | 1 | |a Hoggett, Richard |e Editor |l English | |
| 700 | 1 | |a Faulkner, Neil |e Editor |l English | |
| 856 | 4 | 2 | |a http://library.arce.org:8087/Archaeopress/Products/9781805830733 |
| 260 | |a Oxford |b Archaeopress Publishing Ltd |c 2025 | ||
| 270 | |a Archaeopress Publishing Ltd, Summertown Pavillion, 18 -24 Middle Way, Summertown |b Oxford |d United Kingdom |e OX2 7LG |k 44-1865-311914 |m info@archaeopress.com | ||
| 942 | |2 lcc |c EBOOK | ||
| 999 | |c 62115 |d 62115 | ||
